[Event "Sheki op-A"]
[Site "Sheki"]
[Date "2025.06.23"]
[Round "6"]
[White "Bhavanya, Panchumarthi"]
[Black "Sharifov, Ramazan"]
[Result "1-0"]
[WhiteElo "1840"]
[BlackElo "1819"]
[PlyCount "81"]
[EventDate "2025.06.19"]
[EventType "swiss"]
[EventRounds "9"]
[EventCountry "AZE"]
[SourceTitle "CB27_2025"]
[SourceDate "2025.07.02"]
[SourceVersion "1"]
[SourceVersionDate "2025.07.02"]
[SourceQuality "1"]

1. d4 Nf6 2. Bf4 e6 3. e3 Be7 4. Nf3 d6 5. h3 Nbd7 6. Bd3 b6 7. c3 Bb7 8. 0-0 0-0 9. Nbd2 d5 10. Qe2 Ne4 11. Rad1 Bd6 12. Rfe1 Qe7 13. Ne5 f6 14. Nxd7 Qxd7 15. Qh5 g6 16. Qg4 Rf7 17. Nf3 a5 18. h4 Kh8 19. Qh3 Re8 20. Bxd6 Qxd6 21. h5 g5 22. h6 a4 23. a3 Ra8 24. Nh2 f5 25. Qh5 Rf6 26. Nf3 g4 27. Ne5 Qf8 28. Bxe4 dxe4 29. g3 Rd8 30. Kg2 Ba6 31. Rd2 b5 32. Rh1 Bb7 33. Qg5 Qe7 34. Rh5 c5 35. Rc2 c4 36. Qh4 Rg8 37. Rg5 Bc8 38. Rc1 Qd8 39. Rxg8+ Kxg8 40. Qg5+ Kf8 41. Nc6 1-0

[Event "Sheki op-A"]
[Site "Sheki"]
[Date "2025.06.20"]
[Round "3"]
[White "Allahverdiyeva, Ayan"]
[Black "Sharifov, Ramazan"]
[Result "1-0"]
[WhiteElo "2308"]
[BlackElo "1819"]
[PlyCount "118"]
[EventDate "2025.06.19"]
[EventType "swiss"]
[EventRounds "9"]
[EventCountry "AZE"]
[SourceTitle "CB27_2025"]
[SourceDate "2025.07.02"]
[SourceVersion "1"]
[SourceVersionDate "2025.07.02"]
[SourceQuality "1"]

1. e4 e6 2. d4 d5 3. e5 c5 4. c3 Qb6 5. Nf3 Nc6 6. a3 a5 7. Bd3 Bd7 8. 0-0 cxd4 9. Re1 dxc3 10. Nxc3 Bc5 11. Be3 Bxe3 12. Rxe3 d4 13. Na4 Qa7 14. Re1 h6 15. Rc1 Nge7 16. Nc5 Rd8 17. Qe2 Nd5 18. Qe4 Qb6 19. Nd2 Bc8 20. Qg4 Kf8 21. Qg3 Qc7 22. h4 Qe7 23. Nce4 Rg8 24. Qh2 g6 25. Nd6 Kg7 26. Qg3 Kh8 27. N2e4 Qf8 28. Nc5 Nce7 29. Nce4 Nf5 30. Qh2 Qe7 31. Bc4 Nb6 32. Nf6 Nxd6 33. Nxg8 Kxg8 34. exd6 Qxd6 35. Qxd6 Rxd6 36. Ba2 Kg7 37. Rcd1 f5 38. f4 Kf6 39. Re5 a4 40. Rb5 g5 41. g3 Bd7 42. Rb4 gxf4 43. gxf4 d3 44. Kf2 e5 45. fxe5+ Kxe5 46. Ke3 Be6 47. Rxd3 f4+ 48. Kd2 Bxa2 49. Rxd6 Nc4+ 50. Rxc4 Bxc4 51. Rxh6 Ke4 52. Rf6 Ke5 53. Rf8 Be6 54. h5 Bf5 55. h6 Bg6 56. Ke2 Bh5+ 57. Kf2 Bg6 58. Rg8 Bb1 59. Rg7 Kd5 1-0

[Event "EU-ch Hybrid U12"]
[Site "Tornelo INT"]
[Date "2021.10.15"]
[Round "4"]
[White "Durana, Jonas"]
[Black "Sharifov, Ramazan"]
[Result "1-0"]
[WhiteElo "1466"]
[BlackElo "1268"]
[PlyCount "49"]
[EventDate "2021.10.15"]
[EventType "swiss"]
[EventRounds "9"]
[EventCountry "NET"]
[SourceTitle "EXT 2023"]
[Source "ChessBase"]
[SourceDate "2022.10.05"]
[SourceVersion "1"]
[SourceVersionDate "2022.10.05"]
[SourceQuality "1"]
[WhiteTeam "Slovakia"]
[BlackTeam "Azerbaijan"]
[WhiteTeamCountry "SVK"]
[BlackTeamCountry "AZE"]

1. e4 d6 2. d4 Nf6 3. Nc3 Nbd7 4. g4 h6 5. h3 e5 6. Bg2 c6 7. Nge2 g5 8. Ng3 Be7 9. Nce2 Qc7 10. Nf5 a5 11. Neg3 Rh7 12. h4 Bf8 13. hxg5 hxg5 14. Nh5 Nxh5 15. gxh5 Nf6 16. Bxg5 Bxf5 17. Bxf6 Be6 18. h6 Rxh6 19. Rxh6 Bxh6 20. Qh5 Bf8 21. dxe5 dxe5 22. 0-0-0 Qb6 23. Rd2 Qc5 24. Bh3 Bc8 25. Rd8# 1-0

[Event "EU-ch Hybrid U12"]
[Site "Tornelo INT"]
[Date "2021.10.15"]
[Round "7"]
[White "Sharifov, Ramazan"]
[Black "Filipe, Gustavo Castro"]
[Result "1-0"]
[WhiteElo "1268"]
[BlackElo "1406"]
[PlyCount "69"]
[EventDate "2021.10.15"]
[EventType "swiss"]
[EventRounds "9"]
[EventCountry "NET"]
[SourceTitle "EXT 2023"]
[Source "ChessBase"]
[SourceDate "2022.10.05"]
[SourceVersion "1"]
[SourceVersionDate "2022.10.05"]
[SourceQuality "1"]
[WhiteTeam "Azerbaijan"]
[BlackTeam "Portugal"]
[WhiteTeamCountry "AZE"]
[BlackTeamCountry "POR"]

1. d4 d5 2. Bf4 Nf6 3. e3 c5 4. c3 Nc6 5. Nd2 e6 6. Ngf3 Bd6 7. Ne5 0-0 8. Bd3 c4 9. Bc2 Ne7 10. 0-0 b5 11. e4 Bb7 12. Re1 a5 13. Bg3 Qb6 14. Ng4 Nxe4 15. Nxe4 dxe4 16. Ne5 Bxe5 17. Bxe5 b4 18. Bxe4 Bxe4 19. Rxe4 bxc3 20. bxc3 Rab8 21. Bxb8 Rxb8 22. Re1 Nd5 23. Rb1 Qxb1 24. Qxb1 Rxb1 25. Rxb1 g6 26. Rc1 Kg7 27. Kf1 Kf6 28. g3 e5 29. dxe5+ Kxe5 30. Ke2 f5 31. f4+ Ke4 32. a4 h6 33. h4 Nc7 34. Rd1 Ne6 35. Rd6 1-0

[Event "EU-ch Hybrid U12"]
[Site "Tornelo INT"]
[Date "2021.10.15"]
[Round "8"]
[White "Spasov, Igor Aleksandar"]
[Black "Sharifov, Ramazan"]
[Result "0-1"]
[WhiteElo "1435"]
[BlackElo "1268"]
[PlyCount "94"]
[EventDate "2021.10.15"]
[EventType "swiss"]
[EventRounds "9"]
[EventCountry "NET"]
[SourceTitle "EXT 2023"]
[Source "ChessBase"]
[SourceDate "2022.10.05"]
[SourceVersion "1"]
[SourceVersionDate "2022.10.05"]
[SourceQuality "1"]
[WhiteTeam "Macedonia"]
[BlackTeam "Azerbaijan"]
[WhiteTeamCountry "MKD"]
[BlackTeamCountry "AZE"]

1. d4 Nf6 2. c4 c5 3. d5 e5 4. Nc3 d6 5. e4 Be7 6. Bd3 0-0 7. Bd2 Ne8 8. Nge2 g6 9. 0-0 Ng7 10. f4 exf4 11. Bxf4 Bg5 12. Bxg5 Qxg5 13. Ng3 Nd7 14. Qc1 Qxc1 15. Raxc1 Ne5 16. Be2 f5 17. exf5 Nxf5 18. Nge4 Rd8 19. b3 Nd4 20. Rcd1 Bf5 21. Bd3 Kg7 22. Bb1 a6 23. Nd2 b5 24. Bxf5 Nxf5 25. Rde1 Nd4 26. Nce4 b4 27. Rf6 Nf5 28. h3 h5 29. Re6 a5 30. Re2 Nd4 31. Re7+ Kf8 32. Rf2+ Kxe7 33. Rf6 Rd7 34. g4 hxg4 35. hxg4 Rf8 36. g5 Rxf6 37. gxf6+ Kf7 38. Nf1 Ng4 39. Nfg3 Nxf6 40. Ng5+ Kg7 41. N3e4 Nxe4 42. Nxe4 Nf5 43. Kf2 Ra7 44. Ng5 a4 45. Ne6+ Kf6 46. Nf4 axb3 47. axb3 Ra3 0-1

[Event "World Cup U12 Prel"]
[Site "Tornelo INT"]
[Date "2021.08.06"]
[Round "10"]
[White "Sharifov, Ramazan"]
[Black "Renji, Rafael Ninan"]
[Result "1-0"]
[WhiteElo "1209"]
[BlackElo "1576"]
[PlyCount "195"]
[EventDate "2021.08.06"]
[EventType "swiss (rapid)"]
[EventRounds "10"]
[EventCountry "NET"]
[SourceTitle "EXT 2025"]
[Source "ChessBase"]
[SourceDate "2024.10.14"]
[SourceVersion "1"]
[SourceVersionDate "2024.10.14"]
[SourceQuality "1"]

1. d4 d5 2. Bf4 Nf6 3. e3 c5 4. c3 Nc6 5. Nd2 Bf5 6. Qb3 Qd7 7. Ngf3 e6 8. Ne5 Qc8 9. Bb5 a6 10. Bxc6+ bxc6 11. Qa4 Be7 12. Nxc6 Qd7 13. Nf3 0-0 14. Nfe5 Qe8 15. 0-0 Kh8 16. Qa3 Nh5 17. Nxe7 Qxe7 18. Qxc5 Qb7 19. Qa3 Nxf4 20. exf4 f6 21. Nf3 Be4 22. Nd2 Bf5 23. b4 Rfc8 24. Qb2 a5 25. a3 a4 26. Rfe1 Qb5 27. Rac1 Rc6 28. h3 Rac8 29. g4 Bd3 30. Re3 Qa6 31. Nf3 Bb5 32. Qd2 Qa7 33. Qe1 Qf7 34. f5 Re8 35. Kg2 Rd6 36. fxe6 Rdxe6 37. Rxe6 Rxe6 38. Qd2 Qe7 39. Re1 g6 40. Rxe6 Qxe6 41. Qe1 Qd6 42. Qe3 Kg7 43. Nd2 Qd7 44. f4 Qd6 45. Kf3 Qd7 46. Qe1 Qd6 47. Qe3 Bc6 48. Qd3 Qd7 49. Qa6 Bb5 50. Qb6 Qe8 51. c4 dxc4 52. Qc5 c3 53. Qxc3 Qe2+ 54. Kg3 Qe1+ 55. Kf3 Be2+ 56. Ke3 Bxg4+ 57. Kd3 Bf5+ 58. Kc4 Qe2+ 59. Kc5 Bd7 60. Nc4 Qe7+ 61. Kb6 Qd8+ 62. Ka6 Qc8+ 63. Kb6 Qc6+ 64. Ka7 Qc7+ 65. Ka6 Bc8+ 66. Kb5 Qb7+ 67. Kxa4 Qc6+ 68. Kb3 Be6 69. a4 Kf7 70. b5 Qg2 71. Kb4 Qg1 72. Nd6+ Kg7 73. Qc7+ Kh6 74. Nf7+ Bxf7 75. Qxf7 Qe1+ 76. Kc5 Qc1+ 77. Kb6 Qxf4 78. Qf8+ Kh5 79. a5 Qxd4+ 80. Qc5+ Qe5 81. Qxe5+ fxe5 82. Kc5 Kg5 83. b6 e4 84. Kd4 Kf4 85. b7 e3 86. b8Q+ Kf3 87. Qb7+ Kf2 88. Qf7+ Ke2 89. Ke4 Kd2 90. Qd5+ Ke2 91. a6 Kf2 92. Qa2+ e2 93. Qxe2+ Kxe2 94. a7 h5 95. a8Q g5 96. Qa2+ Kf1 97. Kf3 Kg1 98. Qg2# 1-0